Народный комиссариат зерновых и животноводческих совхозов СССР (1932-1936 гг.) (Запись № 8482359)

Подробности
000 -МАРКЕР
контрольное поле 01158nam0a22002411i 4500
001 - ИДЕНТИФИКАТОР ЗАПИСИ
контрольное поле rc\4100210
005 - ИДЕНТИФИКАТОР ВЕРСИИ
контрольное поле 20260407141825.0
021 ## - НОМЕР ГОСУДАРСТВЕННОЙ РЕГИСТРАЦИИ
Код страны российская федерация
Номер [55-54658]
035 ## - ДРУГИЕ СИСТЕМНЫЕ НОМЕРА
Идентификатор записи (NLR Aleph) 007974799
100 ## - ДАННЫЕ ОБЩЕЙ ОБРАБОТКИ
Данные общей обработки 20130415d1955 |||y0rusy50 ca
101 0# - ЯЗЫК РЕСУРСА
Язык текста, звукозаписи и т.д. русский
102 ## - СТРАНА ПУБЛИКАЦИИ ИЛИ ПРОИЗВОДСТВА
Страна публикации российская федерация
105 ## - ПОЛЕ КОДИРОВАННЫХ ДАННЫХ: ТЕКСТОВЫЕ МАТЕРИАЛЫ, МОНОГРАФИЧЕСКИЕ
Кодированные данные о монографическом текстовом документе y d |||||
200 1# - ЗАГЛАВИЕ И СВЕДЕНИЯ ОБ ОТВЕТСТВЕННОСТИ
Основное заглавие Народный комиссариат зерновых и животноводческих совхозов СССР (1932-1936 гг.)
Сведения, относящиеся к заглавию (Из истории гос. учреждений СССР)
-- Автореферат дис. на соискание учен. степени кандидата ист. наук
Первые сведения об ответственности Моск. гос. ист.-архивный ин-т. Кафедра истории гос. учреждений и делопроизводства СССР
210 ## - ПУБЛИКАЦИЯ, РАСПРОСТРАНЕНИЕ И ДР.
Место издания, распространения и т.д. Москва
Дата издания, распространения и т.д. 1955
215 ## - ФИЗИЧЕСКАЯ ХАРАКТЕРИСТИКА
Специфическое обозначение материала и объем 16 с.
Размеры 20
700 #1 - ИМЯ ЛИЦА - ПЕРВИЧНАЯ ОТВЕТСТВЕННОСТЬ
Начальный элемент ввода Цикулин
Часть имени, кроме начального элемента ввода В.А.
Расширение инициалов личного имени Василий Андреевич
712 01 - НАИМЕНОВАНИЕ ОРГАНИЗАЦИИ - ВТОРИЧНАЯ ОТВЕТСТВЕННОСТЬ
Начальный элемент ввода СССР
Структурное подразделение Главное упр. мясосовхозов
Идентификатор авторитетной/нормативной записи RU\NLR\AUTH\8810010551
Системный номер авторитетной/нормативной записи 518764
801 #0 - ИСТОЧНИК ЗАПИСИ
Страна российская федерация
Организация NLR
Правила каталогизации psbo
801 #1 - ИСТОЧНИК ЗАПИСИ
Страна российская федерация
Организация ELAR
Источник данных rusmarc
852 ## - МЕСТОНАХОЖДЕНИЕ И ШИФР ХРАНЕНИЯ
Идентификатор организации NLR
Шифр хранения (Call Number) Эк50 Г-4/3366
942 ## - ДОПОЛНИТЕЛЬНЫЕ ЭЛЕМЕНТЫ ЗАПИСИ (АБИС)
Тип экземпляра АБИС Книга

Нет доступных экземпляров.